000 00294nam a22001337a 4500
008 181010b xxu||||| |||| 00| 0 eng d
020 _a9780130831347
041 _aeng
080 _27th
_a574
100 _a9
101 _aMJE
245 _aEnvironmental Science
_cNebel,B.J
942 _2udc
_cBK
999 _c49257
_d49257